| 000 | 00419cam a2200169ua 4500 | ||
|---|---|---|---|
| 020 | _cRs 30.00 | ||
| 041 |
_amal _h |
||
| 082 |
_a039.94812 _bMAT/VI |
||
| 100 | _aMathew, Kuzhiveli M . | ||
| 245 |
_aVijnanam, Vol 1 / _cMathew M Kuzhiveli. _hTextual Documents |
||
| 260 |
_a : _bBalan Publishers , _c1964. |
||
| 300 | _a1135 ; . | ||
| 365 | _aRs 30.00 | ||
| 504 | _a | ||
| 942 | _cBK | ||
| 999 |
_c3773 _d3773 |
||